Vybrané atribúty externého prostredia vzdelávacej inštitúcie

Analýza vybraných atribútov externého prostredia vzdelávacej inštitúcie. Zdôvodnenie ich významu a identifikovanie vybraných trendov externého prostredia vzdelávacej inštitúcie.

Enregistré dans:
Détails bibliographiques
Auteur principal: Hasprová, Mária, 1970-
Format: Chapitre de livre
Langue:slovaque
Sujets:
Tags: Ajouter un tag
Pas de tags, Soyez le premier à ajouter un tag!

MARC

LEADER 00000nla a2200000 4500
001 0180255
005 20240502073052.1
041 0 |a slo 
044 |a SK 
245 1 0 |a Vybrané atribúty externého prostredia vzdelávacej inštitúcie  |c Mária Hasprová 
520 |a Analýza vybraných atribútov externého prostredia vzdelávacej inštitúcie. Zdôvodnenie ich významu a identifikovanie vybraných trendov externého prostredia vzdelávacej inštitúcie. 
610 2 0 |a vzdelávanie 
610 2 0 |a inštitúcie vzdelávacie 
610 2 0 |a príprava odborná 
610 2 0 |a vzdelávanie celoživotné 
610 2 0 |a efektívnosť vzdelávania 
610 2 0 |a zamestnanosť 
100 1 |a Hasprová, Mária, 1970-